LEADER 00938cam0 2200265 450 001 E600200072174 005 20210909093014.0 100 $a20110303d1949 |||||ita|0103 ba 101 $afre 102 $aFR 200 1 $aDialogues des Carmélites$eD'après une nouvelle de Gertrud von Le Fort et un scénario du R. P. Bruckberger et de Philippe Agostini$fGeorges Bernanos 210 $aParis$cÉditions du Seuil$dc1949 215 $a154 p.$d18 cm 225 2 $aPoints 410 1$1001LAEC00021796$12001 $a*Points 700 1$aBernanos$b, Georges$3AF00013813$4070$0131304 801 0$aIT$bUNISOB$c20210909$gRICA 850 $aUNISOB 852 $aUNISOB$j840$m64598 912 $aE600200072174 940 $aM 102 Monografia moderna SBN 941 $aM 957 $a840$b000946$gSi$d64598$rAcquisto$1vittorini$2UNISOB$3UNISOB$420110303124552.0$520151023114348.0$6Alfano 996 $aDialogues des carmélites$9203391 997 $aUNISOB LEADER 00784cam2 22002651 450 001 SOBE00081036 005 20241002100522.0 100 $a20241002d1947 |||||ita|0103 ba 101 $aita 102 $aIT 200 0 $a1$fPlotino 210 $aMilano$cIEI$dstampa 1947 215 $aLI, 285 p.$d22 cm 300 $aTesto orig. a fronte 461 1$1001E600200055149$12001 $a<>Enneadi / Plotino 700 0$aPlotinus$3A600200026383$4070$0198801 801 0$aIT$bUNISOB$c20241002$gRICA 850 $aUNISOB 852 $aUNISOB$j100$m38158 912 $aSOBE00081036 940 $aM 102 Monografia moderna SBN 941 $aW 957 $a100$b002745$i-1$gSI$d38158$1rovito$2UNISOB$3UNISOB$420241002100436.0$520241002100522.0$6rovito 996 $a1$91713332 997 $aUNISOB